Estadísticas para Números - Selección de Azulejos

Haz click aquí para tomar la prueba!

Estadísticas generales

  • Esta prueba ha sido tomada 2.548 veces
  • La puntuación promedio es 61 de 77

Estadísticas de respuestas

PreguntaAzulejoSelect% Correcto
números primos10No
94%
números primos12No
94%
números primos14No
94%
números primos16No
94%
números primos18No
94%
números primos20No
94%
números primos22No
94%
números primos24No
94%
números primos25No
94%
números con 4 letras cuando se escriben en español1No
93%
números primos15No
93%
números con 4 letras cuando se escriben en español2No
93%
números primos6No
93%
números primos8No
93%
números primos26No
92%
números primos4No
92%
números con 4 letras cuando se escriben en español4No
92%
números con 4 letras cuando se escriben en español5No
92%
números con 4 letras cuando se escriben en español7No
92%
números con 4 letras cuando se escriben en español9No
92%
números primos7
91%
números primos3
90%
números primos11
89%
números primos21No
89%
números con 4 letras cuando se escriben en español6
89%
números con 4 letras cuando se escriben en español10
88%
números primos13
88%
números divisibles por 721
88%
números divisibles por 7103No
87%
números primos17
87%
números primos9No
87%
números con 4 letras cuando se escriben en español3
86%
números primos5
86%
números con 4 letras cuando se escriben en español8
85%
números primos23
84%
números divisibles por 7124No
82%
cuadrados perfectos36
81%
cuadrados perfectos48No
81%
cuadrados perfectos64
81%
números divisibles por 7176No
80%
números primos19
80%
cuadrados perfectos25
78%
cuadrados perfectos148No
76%
cuadrados perfectos81
75%
números primos2
74%
números en la sucesión de Fibonacci22No
74%
números divisibles por 756
74%
números en la sucesión de Fibonacci10No
73%
números en la sucesión de Fibonacci15No
73%
números en la sucesión de Fibonacci20No
73%
cuadrados perfectos216No
73%
números en la sucesión de Fibonacci11No
72%
números en la sucesión de Fibonacci14No
72%
números en la sucesión de Fibonacci18No
72%
números en la sucesión de Fibonacci19No
72%
números en la sucesión de Fibonacci23No
72%
números en la sucesión de Fibonacci25No
72%
cuadrados perfectos360No
72%
números en la sucesión de Fibonacci6No
72%
números en la sucesión de Fibonacci12No
71%
números en la sucesión de Fibonacci16No
71%
números en la sucesión de Fibonacci17No
71%
números en la sucesión de Fibonacci24No
71%
números en la sucesión de Fibonacci9No
71%
números en la sucesión de Fibonacci7No
70%
números en la sucesión de Fibonacci4No
68%
números divisibles por 7154
63%
números en la sucesión de Fibonacci1
60%
números divisibles por 791
60%
números en la sucesión de Fibonacci2
57%
cuadrados perfectos169
54%
números en la sucesión de Fibonacci3
54%
números en la sucesión de Fibonacci8
54%
números divisibles por 7203
52%
números en la sucesión de Fibonacci5
51%
números en la sucesión de Fibonacci13
49%
números en la sucesión de Fibonacci21
47%

Distribución de puntuación

Porcentaje por número respondido

Porcentaje de gente con cada puntuación

Historial de tus puntuaciones

No has tomado esta prueba